000 00263nam a2200109Ia 4500
008 220204s9999 xx 000 0 und d
082 _a641.8
_bDEU
100 _aDeutch, Yvonne
245 0 _aSupercook's home baker
260 _aLondon
_bMarshall
_c1972
942 _cBK
999 _c30076
_d30076